00309nam a22001097a 4500020001800000082001200018100002300030245005000053260006800103300000800171650002000179 a9789382762324 a954 PUL aPuliurumpil, James aClassic India: Western Accounts Before Christ aKottayam, KeralabOriental Institute of Religious Studiesc2016 a447 aHistory - India